| 000 | 00623nam a2200229Ia 4500 | ||
|---|---|---|---|
| 003 | OSt | ||
| 005 | 20221006164203.0 | ||
| 006 | a|||||r|||| 00| 0 | ||
| 007 | ta | ||
| 008 | 221006b |||||||| |||| 00| 0 hin d | ||
| 024 | _a1,885 | ||
| 037 | _cTextual | ||
| 040 |
_aFML _cFML _bhin |
||
| 041 |
_2hin _ahin |
||
| 082 | _aNT4477(Q), [M7] | ||
| 100 |
_aNeog Maheshwar Au. _9676797 |
||
| 245 | 0 |
_aBhaona _b The Ritual Play of Assam |
|
| 260 |
_aDelhi _bSangeet Natak Acadmy _c1987 |
||
| 300 |
_a65 _ccm. |
||
| 942 |
_hNT4477(Q), [M7] _cTEXL _2CC |
||
| 999 |
_c1116454 _d1116454 |
||